00403nam a2200145Ia 4500003000400000005001700004008004100021040001800062041000800080100004700088110002200135245006000157260002000217710002000237OSt20260311100239.0211028s2013 xx 000 0 und d cAIMIT LIBRARY aeng aUllal, R Rithesh; Prabhu, Aravind.g101731 aAnnapoorna Shetty aAutomation of demand fullfilment and order processing / aBangalorec2013 aTorus Solutions